| 000 | 00772nam a2200289Ia 4500 | ||
|---|---|---|---|
| 005 | 20260324112100.0 | ||
| 008 | 008 260324s9999 xx 000 0 eng d | ||
| 020 | _a9781003290445 | ||
| 037 | _aEBOOK | ||
| 040 | _aCRL | ||
| 040 | _beng | ||
| 040 | _cCRL | ||
| 041 | _2eng | ||
| 041 | _aeng | ||
| 084 | _qCRL | ||
| 100 |
_aPradyot Ranjan Jena; Shunsuke Managi; Ritanjali Majhi _91141229 |
||
| 245 | 0 | _aNatural Capital and Climate Smart Agriculture | |
| 245 | 0 | _bMeasuring Progress towards Sustainability and Policy Making in India | |
| 260 | _bTaylor and Francis | ||
| 260 | _c2024 | ||
| 365 | _a | ||
| 365 | _b220 | ||
| 856 | _uhttp://www.taylorfrancis.com/books/9781003290445 | ||
| 942 | _cEBOOK | ||
| 999 |
_c1730288 _d1730288 |
||